000 01626cam a2200409 a 4500
001 241033936
003 SKY
005 20170807133546.0
008 110826s2011 nyuab c 000 0 eng d
010 _a2011925167
020 _a9780545208871
020 _a0545208874
040 _aICrlF
_cICrlF
_dICrlF
_dKyLxBWI
_dCOB
_erda
092 _eJ2
_aKibuishi,
_bK.
100 1 _aKibuishi, Kazu,
_d1978-
_95705344
245 1 0 _aAmulet.
_nBook four,
_pThe last council /
_cKazu Kibuishi ; [colors, Jason Caffoe, Zane Yarbrough, Kazu Kibuishi].
246 3 0 _aLast council.
250 _a1st ed.
260 _aNew York :
_bGraphix,
_c2011.
264 _aNew York :
_bGraphix,
_c2011.
300 _a207 p. :
_bchiefly col. ill., col. maps ;
_c23 cm.
336 _abook
337 _abook
338 _abook
520 _aUpon arriving in Cielis, Emily and her friends find the once busy streets deserted and the remaining townspeople living in fear, and after Emily is escorted to the Academy to compete for a spot on the Guardian Council, the most powerful Stonekeepers, an awful secret is gradually uncovered.
521 0 _a4.0.
521 2 _a3-6
_bFollett Library Resources.
650 0 _aSingle parent families
_vComic books, strips, etc.
_95705345
650 0 _aMagic
_vComic books, strips, etc.
_95676300
650 1 _aSingle parent families
_vFiction.
_95677274
650 1 _aMagic
_vFiction.
_95673694
650 1 _aFantasy.
_983797
650 1 _aCartoons and comics.
_9102545
650 1 _aGraphic novels.
_997621
907 _a.b27285511x
942 _2ddc
_cBOOK
999 _c209377
_d209377